The noble scholar, jurist, historian


 His Excellency Dr. Abdul Wahhab bin Ibrahim Abu Sulaiman, may Allah have mercy on him.


 He was born in Umm Al-Qura in the year 1356 AH.

حدائق الأنوار ومطالع الأسرار في سيرة النبي المختار صلى الله عليه وسلم وعلى آله وصحبه المصطفين الأخيار، المسمى، تبصرة الحضرة الأحمدية الشاهية بسيرة الحضرة الأحمدية النبوية / (Record no. 13921)

MARC details
000 -LEADER
fixed length control field 01975cam a2200301 i 4500
003 - CONTROL NUMBER IDENTIFIER
control field SA-RiAUC
005 - DATE AND TIME OF LATEST TRANSACTION
control field 20260106132013.0
008 - FIXED-LENGTH DATA ELEMENTS--GENERAL INFORMATION
fixed length control field 260104s2000 le g 000k0bara c
040 ## - CATALOGING SOURCE
Original cataloging agency SA-JeALM
Language of cataloging ara
Transcribing agency SA-RiAUC
Description conventions rda
050 #4 - LIBRARY OF CONGRESS CALL NUMBER
Item number .B34 2000
082 04 - DEWEY DECIMAL CLASSIFICATION NUMBER
Classification number 239
Assigning agency SA-RiAUC
090 ## - LOCALLY ASSIGNED LC-TYPE CALL NUMBER (OCLC); LOCAL CALL NUMBER (RLIN)
Classification number (OCLC) (R) ; Classification number, CALL (RLIN) (NR) 239
Local cutter number (OCLC) ; Book number/undivided call number, CALL (RLIN) ا ب ن د
100 1# - MAIN ENTRY--PERSONAL NAME
Personal name بحرق، محمد بن عمر بن مبارك،
Dates associated with a name 869-930 هجري
Relator term مؤلف.
245 10 - TITLE STATEMENT
Title حدائق الأنوار ومطالع الأسرار في سيرة النبي المختار صلى الله عليه وسلم وعلى آله وصحبه المصطفين الأخيار، المسمى، تبصرة الحضرة الأحمدية الشاهية بسيرة الحضرة الأحمدية النبوية /
Statement of responsibility, etc. محمد عمر بحرق الحضرمي الشافعي ؛ اعتنى به محمد غسان نصوح عزقول.
246 33 - VARYING FORM OF TITLE
Title proper/short title تبصرة الحضرة الأحمدية الشاهية بسيرة الحضرة الأحمدية النبوية
250 ## - EDITION STATEMENT
Edition statement الطبعة الأولى.
264 #1 - PRODUCTION, PUBLICATION, DISTRIBUTION, MANUFACTURE, AND COPYRIGHT NOTICE
Place of production, publication, distribution, manufacture بيروت :
Name of producer, publisher, distributor, manufacturer دار المنهاج،
Date of production, publication, distribution, manufacture, or copyright notice 2000
300 ## - PHYSICAL DESCRIPTION
Extent 591 صفحة ؛
Dimensions 24 سم
336 ## - CONTENT TYPE
Content type term نص
Content type code txt
Source rdacontent
Materials specified كتاب
337 ## - MEDIA TYPE
Media type term بدون وسيط
Media type code n
Source rdamedia
338 ## - CARRIER TYPE
Carrier type term مجلد
Carrier type code nc
Source rdacarrier
600 07 - SUBJECT ADDED ENTRY--PERSONAL NAME
Personal name محمد (صلى الله عليه وسلم)،
Dates associated with a name 53 قبل الهجرة-11 هجري
Source of heading or term aucnm
650 #7 - SUBJECT ADDED ENTRY--TOPICAL TERM
Topical term or geographic name entry element السيرة النبوية
Source of heading or term aucsh
700 12 - ADDED ENTRY--PERSONAL NAME
Relationship information تحقيق لـ :
Personal name بحرق، محمد بن عمر بن مبارك،
Dates associated with a name 869-930 هجري.
Title of a work حدائق الأنوار ومطالع الأسرار في سيرة النبي المختار صلى الله عليه وسلم وعلى آله وصحبه المصطفين الأخيار، المسمى، تبصرة الحضرة الأحمدية الشاهية بسيرة الحضرة الأحمدية النبوية
700 1# - ADDED ENTRY--PERSONAL NAME
Personal name عزقول، محمد غسان نصوح
Relator term محقق.
942 ## - ADDED ENTRY ELEMENTS (KOHA)
Source of classification or shelving scheme Dewey Decimal Classification
Koha item type Books
Suppress in OPAC No
949 ## - LOCAL PROCESSING INFORMATION (OCLC)
a SA-JeALM
d 260104
u osman123
n 1
Holdings
Withdrawn status Lost status Source of classification or shelving scheme Damaged status Not for loan Home library Current library Date acquired Total checkouts Full call number Barcode Date last seen Price effective from Koha item type
    Dewey Decimal Classification     DR AbdElwahab Library DR AbdElwahab Library 01/06/2026   239 ا ب ن د 000022289 01/06/2026 01/06/2026 Books